Score 0/20 Timer 03:00
0 Plays Today
% Correct
Tinker Bell
93.6%
Top Cat
91.1%
Two-Face
91.1%
Thumper
90.9%
Tiana
86.7%
The Tick
86.7%
Tails
86.5%
TRON
84.9%
Turanga Leela
83%
Tywin
81.4%
% Correct
Trinity
81.2%
Tygra
80.7%
Taxi Driver
80.1%
Terrance
77.6%
Tobias
75.5%
Trigon
73.2%
Ted Logan
69.9%
Ty Webb
69.2%
Toph
62.8%
Tommy
57.7%
Remove Ads.
Support Sporcle.
Get the best of Sporcle when you Go Orange. This ad-free experience offers more features, more stats, and more fun while also helping to support Sporcle. Thank you for becoming a member.

You're not logged in!

Compare scores with friends on all Sporcle quizzes.
OR
Log In

Show Comments

Extras

Top Quizzes Today


Score Distribution

Your Account Isn't Verified!

In order to create a playlist on Sporcle, you need to verify the email address you used during registration. Go to your Sporcle Settings to finish the process.

Report this User

Report this user for behavior that violates our Community Guidelines.

Details: